000 00771nam a2200241 a 4500
001 40728
003 BD-RjUL
005 20211209053254.0
008 160509s1996 ii a b 00010 eng d
020 _a8174882103
035 _a(BD-RjUL)40843
040 _aANL
_beng
_cANL
041 _aeng
082 _223
_a025.04
_bGOS 1996
100 1 _aGoswami, Prakriti Ranjan,
_d1953-
_9125320
245 1 0 _aStatistical Information System and Libraries /
_cPrakriti Ranjan Goswami.
260 _aNew Delhi :
_bAnmol Publications,
_c1996.
300 _ax, 414 pages :
_billustrations ;
_c23 cm.
504 _aIncludes bibliographical references (p. [393]-402)
650 0 _aStatistical services.
_9125321
650 0 _aInformation services
_zIndia.
_9125322
942 _2ddc
_cBK
999 _c40728
_d40728